000 00374nam a22001577a 4500
003 MPLRDC
005 20220104124249.0
008 210129b ||||| |||| 00| 0 eng d
082 _a857.59 ZJS c.2
100 _a赵景深、杜浩铭校注
245 _a英烈传
_c
260 _a
_b学林有限公司
_c1978
300 _b
650 _a
942 _cBK
_o857.59 ZJS c.2
999 _c17950
_d17940